[Event "XXXIX C.to Italiano ASCI"]
[Site "Lavarone ITA"]
[Date "2011.07.16"]
[Round "1"]
[White "Gasperoni, Claudio"]
[Black "Damiani, Lorenzo"]
[Result "1-0"]
[WhiteElo "1817"]
[BlackElo "1649"]
[PlyCount "55"]
[EventDate "2011.07.16"]

1. d4 d5 2. c4 e6 3. Nc3 Nf6 4. cxd5 exd5 5. Bg5 Be7 6. e3 O-O 7. Qc2 Nbd7 8.
Bd3 c6 9. Nge2 Re8 10. O-O Bd6 11. Bxh7+ Kh8 12. Bd3 Bxh2+ 13. Kh1 Bd6 14. Rab1
g6 15. Nf4 Bxf4 16. Bxf4 Kg7 17. b4 Rh8+ 18. Kg1 Ng4 19. f3 Ngf6 20. Kf2 Nf8
21. Rh1 Ne6 22. Be5 Ng5 23. Ne2 Be6 24. Nf4 Qe7 25. Bxg6 Nxf3 26. gxf3 Rxh1 27.
Rxh1 Qxb4 28. Rh7+ 1-0

[Event "XXXIX C.to Italiano ASCI"]
[Site "Lavarone ITA"]
[Date "2011.07.17"]
[Round "2"]
[White "Melle, Ezio"]
[Black "Gasperoni, Claudio"]
[Result "1/2-1/2"]
[WhiteElo "1783"]
[BlackElo "1817"]
[PlyCount "37"]
[EventDate "2011.07.16"]

1. e4 e5 2. Nf3 Nc6 3. Bc4 Bc5 4. c3 Nf6 5. d3 a6 6. b4 Ba7 7. a4 d6 8. b5 Ne7
9. Ba3 O-O 10. Qb3 h6 11. O-O Ng6 12. Nbd2 Qe8 13. h3 Be6 14. Rfe1 axb5 15.
axb5 Bxc4 16. Nxc4 Qe6 17. Qb1 Rfd8 18. Bc1 Bc5 19. Be3 1/2-1/2

[Event "XXXIX C.to Italiano ASCI"]
[Site "Lavarone ITA"]
[Date "2011.07.17"]
[Round "2"]
[White "Vrioni, Bersan"]
[Black "Vaccani, Mario"]
[Result "0-1"]
[WhiteElo "1830"]
[BlackElo "1696"]
[PlyCount "48"]
[EventDate "2011.07.16"]

1. e4 c5 2. d4 cxd4 3. Nf3 d6 4. Bb5+ Bd7 5. Bxd7+ Qxd7 6. Nxd4 Nf6 7. Nc3 a6
8. O-O e5 9. Nf5 Nxe4 10. Nxe4 Qxf5 11. Nxd6+ Bxd6 12. Qxd6 Nc6 13. c3 Rd8 14.
Qc5 Qd7 15. Bg5 f6 16. Be3 Qd6 17. Qb6 Rd7 18. f4 Kf7 19. Qb3+ Qe6 20. Qc2 Qc4
21. Rfd1 Rhd8 22. Rxd7+ Rxd7 23. Qxh7 Qe2 24. Bc1 Rd1# 0-1

[Event "XXXIX C.to Italiano ASCI"]
[Site "Lavarone ITA"]
[Date "2011.07.18"]
[Round "3"]
[White "Casadei, Marco"]
[Black "Vaccani, Mario"]
[Result "1-0"]
[WhiteElo "1801"]
[BlackElo "1696"]
[PlyCount "67"]
[EventDate "2011.07.16"]

1. e4 c5 2. Nf3 d6 3. d4 cxd4 4. Nxd4 Nf6 5. Nc3 a6 6. Be3 e5 7. Nb3 Be6 8. Be2
Be7 9. O-O O-O 10. f3 Qc7 11. Qe1 Bc4 12. Bxc4 Qxc4 13. Nd2 Qc7 14. Qe2 b5 15.
Rac1 Nc6 16. Rfd1 Rfd8 17. Qf2 Qb7 18. Nb3 a5 19. Qe2 a4 20. Nd2 b4 21. Nd5
Nxd5 22. exd5 Na7 23. Ne4 h6 24. f4 f5 25. Ng3 g6 26. fxe5 dxe5 27. Bxh6 Kh7
28. Bd2 Rxd5 29. Nxf5 Bc5+ 30. Ne3 Qb6 31. Kh1 Rxd2 32. Rxd2 Bxe3 33. Rd7+ Kg8
34. Qc4+ 1-0

[Event "XXXIX C.to Italiano ASCI"]
[Site "Lavarone ITA"]
[Date "2011.07.18"]
[Round "3"]
[White "Soppelsa, Maurizio"]
[Black "Melle, Ezio"]
[Result "1/2-1/2"]
[WhiteElo "1638"]
[BlackElo "1783"]
[PlyCount "26"]
[EventDate "2011.07.16"]

1. Nf3 Nf6 2. d4 g6 3. c4 d5 4. Nc3 c6 5. e3 Bg7 6. Be2 O-O 7. O-O Nbd7 8. Qc2
dxc4 9. Bxc4 Nb6 10. Bd3 Nbd5 11. a3 Be6 12. e4 Nb6 13. Qe2 Bg4 1/2-1/2

[Event "XXXIX C.to Italiano ASCI"]
[Site "Lavarone ITA"]
[Date "2011.07.19"]
[Round "4"]
[White "Pugliese, Giuseppe"]
[Black "Casadei, Marco"]
[Result "1/2-1/2"]
[WhiteElo "1814"]
[BlackElo "1801"]
[PlyCount "47"]
[EventDate "2011.07.16"]

1. e4 c5 2. c3 d5 3. exd5 Qxd5 4. d4 cxd4 5. cxd4 Nc6 6. Nf3 Bg4 7. Be2 e6 8.
O-O Bd6 9. Nc3 Qh5 10. g3 Nf6 11. Nd2 Bxe2 12. Nxe2 O-O 13. f3 Rfd8 14. Ne4
Nxe4 15. fxe4 Bc5 16. Be3 Qg6 17. Qc2 Bxd4 18. Nxd4 Nxd4 19. Qf2 Nc6 20. Rad1
Rxd1 21. Rxd1 Rd8 22. Rxd8+ Nxd8 23. Bxa7 Qxe4 24. Qb6 1/2-1/2

[Event "XXXIX C.to Italiano ASCI"]
[Site "Lavarone ITA"]
[Date "2011.07.19"]
[Round "4"]
[White "Vrioni, Bersan"]
[Black "Soppelsa, Maurizio"]
[Result "1-0"]
[WhiteElo "1830"]
[BlackElo "1638"]
[PlyCount "53"]
[EventDate "2011.07.16"]

1. e4 c6 2. d4 d5 3. exd5 cxd5 4. Bd3 Nc6 5. c3 Nf6 6. h3 e6 7. Nf3 Bd6 8. O-O
O-O 9. Re1 a6 10. Bg5 h6 11. Bh4 b5 12. Ne5 Bb7 13. Nd2 Be7 14. Ndf3 Nd7 15.
Bg3 Ncxe5 16. Nxe5 Nxe5 17. Rxe5 g6 18. Qd2 Bg5 19. Bf4 Bxf4 20. Qxf4 Kg7 21.
Rae1 Qf6 22. Qg3 Rh8 23. R1e3 Kf8 24. Rf3 Qe7 25. Qxg6 Ke8 26. Qg7 Kd7 27. Rxf7
1-0

[Event "XXXIX C.to Italiano ASCI"]
[Site "Lavarone ITA"]
[Date "2011.07.20"]
[Round "5"]
[White "Casadei, Marco"]
[Black "Vrioni, Bersan"]
[Result "1/2-1/2"]
[WhiteElo "1801"]
[BlackElo "1830"]
[PlyCount "70"]
[EventDate "2011.07.16"]

1. e4 e5 2. Nf3 d6 3. d4 exd4 4. Nxd4 Nf6 5. Nc3 Be7 6. Bc4 a6 7. O-O O-O 8. f4
b5 9. Bd3 c5 10. Nf5 Bxf5 11. exf5 d5 12. g4 c4 13. g5 cxd3 14. gxf6 Bc5+ 15.
Kh1 Qxf6 16. Qxd3 d4 17. Ne4 Qxf5 18. Rg1 Re8 19. Nxc5 Qxc5 20. Bd2 Nc6 21. Rg5
Qe7 22. Rag1 g6 23. h4 Qe4+ 24. Qxe4 Rxe4 25. h5 Rae8 26. hxg6 fxg6 27. R1g2
Re2 28. f5 Kf7 29. fxg6+ hxg6 30. Rxg6 Rh8+ 31. Kg1 Rxg2+ 32. Rxg2 Ne5 33. b3
Nf3+ 34. Kf1 Nxd2+ 35. Rxd2 Rh4 1/2-1/2

[Event "XXXIX C.to Italiano ASCI"]
[Site "Lavarone ITA"]
[Date "2011.07.20"]
[Round "5"]
[White "Gasperoni, Claudio"]
[Black "Murgia, Stefano"]
[Result "1-0"]
[WhiteElo "1817"]
[BlackElo "1743"]
[PlyCount "45"]
[EventDate "2011.07.16"]

1. d4 d5 2. c4 e5 3. dxe5 d4 4. Nf3 Nc6 5. g3 Bf5 6. Bg2 Qd7 7. O-O O-O-O 8. a3
Bh3 9. e6 Bxe6 10. Nbd2 Nf6 11. b4 d3 12. e3 Bh3 13. Qa4 h5 14. b5 Nb8 15. Ne5
Qf5 16. Bxh3 Qxh3 17. Nxf7 Ng4 18. Nf3 h4 19. N7g5 Qxf1+ 20. Kxf1 hxg3 21. fxg3
Nxh2+ 22. Kg2 Ng4 23. c5 1-0

[Event "XXXIX C.to Italiano ASCI"]
[Site "Lavarone ITA"]
[Date "2011.07.21"]
[Round "6"]
[White "Gasperoni, Claudio"]
[Black "Casadei, Marco"]
[Result "1/2-1/2"]
[WhiteElo "1817"]
[BlackElo "1801"]
[PlyCount "60"]
[EventDate "2011.07.16"]

1. d4 d5 2. c4 c6 3. Nf3 Nf6 4. Nc3 e6 5. cxd5 cxd5 6. Bf4 Bd6 7. Bxd6 Qxd6 8.
Ne5 Nc6 9. f4 Nd7 10. e3 O-O 11. Bd3 f5 12. O-O a6 13. Rf3 Ndxe5 14. fxe5 Qd7
15. Rh3 g6 16. Ne2 Qf7 17. Nf4 Bd7 18. g4 Ne7 19. gxf5 Nxf5 20. Bxf5 Qxf5 21.
Rg3 Rac8 22. Rc1 Rxc1 23. Qxc1 Rc8 24. Qe1 Kh8 25. Qb4 Bc6 26. Qe7 Re8 27. Qd6
Kg8 28. Rf3 Qg5+ 29. Rg3 Qe7 30. Qxe7 Rxe7 1/2-1/2

[Event "XXXIX C.to Italiano ASCI"]
[Site "Lavarone ITA"]
[Date "2011.07.21"]
[Round "6"]
[White "Vrioni, Bersan"]
[Black "Melle, Ezio"]
[Result "1-0"]
[WhiteElo "1830"]
[BlackElo "1783"]
[PlyCount "113"]
[EventDate "2011.07.16"]

1. e4 c6 2. d4 d5 3. exd5 cxd5 4. Nf3 Bf5 5. Bd3 Bxd3 6. Qxd3 Nf6 7. Nc3 e6 8.
Bg5 Be7 9. O-O h6 10. Bf4 a6 11. Rfe1 O-O 12. Ne5 Nbd7 13. Ne2 Rc8 14. c3 Nxe5
15. Bxe5 Bd6 16. Ng3 Ng4 17. Bxd6 Qxd6 18. h3 Nf6 19. Re3 Qb6 20. Qe2 Qc6 21.
f4 Qc4 22. Qf3 g6 23. a3 b5 24. Rd1 a5 25. Nf1 Ne4 26. Nd2 Nxd2 27. Rxd2 b4 28.
axb4 axb4 29. g4 Kh7 30. Kf2 Rc6 31. f5 Ra8 32. fxe6 fxe6 33. Qf7+ Kh8 34. Rf3
bxc3 35. bxc3 Rca6 36. Qf6+ Kh7 37. Qe7+ Kg8 38. Qf7+ Kh8 39. Qxg6 e5 40. Rf6
Rxf6+ 41. Qxf6+ Kh7 42. Qf5+ Kg8 43. Qg6+ Kh8 44. Qxh6+ Kg8 45. Qe6+ Kh7 46.
Qe7+ Kg8 47. Qg5+ Kh7 48. Qf5+ Kg8 49. Qd3 Rf8+ 50. Kg2 Qc6 51. Qe3 e4 52. Rf2
Rxf2+ 53. Kxf2 Qf6+ 54. Kg3 Qf1 55. h4 Qd3 56. Qxd3 exd3 57. Kf3 1-0

[Event "XXXIX C.to Italiano ASCI"]
[Site "Lavarone ITA"]
[Date "2011.07.22"]
[Round "7"]
[White "Papa, Pasquale"]
[Black "Casadei, Marco"]
[Result "1/2-1/2"]
[WhiteElo "1747"]
[BlackElo "1801"]
[PlyCount "45"]
[EventDate "2011.07.16"]

1. d4 d5 2. c4 c6 3. cxd5 cxd5 4. Nc3 Nf6 5. Bg5 e6 6. e3 Nc6 7. Nf3 Be7 8. Rc1
h6 9. Bxf6 Bxf6 10. Bd3 O-O 11. O-O Bd7 12. Re1 Rc8 13. Bb1 Qe7 14. e4 dxe4 15.
Nxe4 Rfd8 16. Qd3 g6 17. Rcd1 Bg7 18. Nc3 Nb4 19. Qe3 Bc6 20. a3 Nd5 21. Nxd5
Bxd5 22. Ne5 a6 23. Rc1 1/2-1/2

[Event "XXXIX C.to Italiano ASCI"]
[Site "Lavarone ITA"]
[Date "2011.07.22"]
[Round "7"]
[White "Pugliese, Giuseppe"]
[Black "Vrioni, Bersan"]
[Result "0-1"]
[WhiteElo "1814"]
[BlackElo "1830"]
[PlyCount "68"]
[EventDate "2011.07.16"]

1. e4 e5 2. Nf3 d6 3. d4 exd4 4. Nxd4 Nf6 5. Nc3 Be7 6. Be2 O-O 7. O-O Re8 8.
f4 Nbd7 9. Bf3 Nf8 10. Nd5 Nxd5 11. exd5 Bf6 12. c3 Bd7 13. Qd3 Ng6 14. Bd2 a6
15. Rfe1 Rxe1+ 16. Rxe1 Qf8 17. g3 Re8 18. Rxe8 Qxe8 19. Be3 Qc8 20. Be4 c6 21.
dxc6 bxc6 22. Nf5 d5 23. Nd6 dxe4 24. Qxe4 Qb8 25. Nc4 Qe8 26. Qf3 Ne7 27. Nb6
Nd5 28. Nxd5 cxd5 29. Kf2 Qe4 30. Qd1 Bb5 31. Qg4 g6 32. Qc8+ Kg7 33. Bc5 Qe2+
34. Kg1 Qf1# 0-1